| 000 | 00496nam a22001577a 4500 | ||
|---|---|---|---|
| 020 | _a9788120332751 | ||
| 082 |
_a624.1513 _bRAM _cMCE-40, P-81, N-2,P-99 |
||
| 100 |
_aRamamurthy, T _942432 |
||
| 245 | _aEngineering in Rocks for Slopes Foundations and Tunnels | ||
| 260 |
_aNew Delhi, _bPrentice Hall, _c2007. |
||
| 300 |
_axx, 731 p. _bill. |
||
| 526 |
_a0 _b0 _c0 _d624_151300000000000_RAM |
||
| 526 |
_a0 _b0 _c0 _d624_151300000000000_RAM |
||
| 650 |
_aRock Engineering _942433 |
||
| 942 |
_2ddc _cBK |
||
| 999 |
_c546323 _d546323 |
||